Loading...
| Current Events | 1 | 20.00 | 100% | 100% | 0% |
| Fine Arts - Auditory Fine Arts | 6 | 26.67 | 100% | 83% | 83% |
| Fine Arts - Other Fine Arts | 6 | 13.33 | 100% | 33% | 0% |
| Fine Arts - Visual Fine Arts | 6 | 23.33 | 100% | 100% | 33% |
| Geography | 3 | 20.00 | 100% | 100% | 0% |
| History - American History | 2 | 20.00 | 50% | 50% | 100% |
| History - European History | 4 | 25.00 | 100% | 100% | 50% |
| History - Other History | 8 | 25.00 | 100% | 100% | 50% |
| History - World History | 5 | 20.00 | 100% | 80% | 20% |
| Literature - American Literature | 6 | 23.33 | 100% | 100% | 33% |
| Literature - British Literature | 5 | 26.00 | 100% | 100% | 60% |
| Literature - European Literature | 4 | 22.50 | 100% | 75% | 50% |
| Literature - World Literature | 4 | 27.50 | 100% | 100% | 75% |
| Mythology | 1 | 20.00 | 100% | 100% | 0% |
| Other Academic | 1 | 30.00 | 100% | 100% | 100% |
| Philosophy | 7 | 15.71 | 100% | 57% | 0% |
| Religion | 4 | 25.00 | 100% | 100% | 50% |
| Science - Biology | 6 | 23.33 | 100% | 83% | 50% |
| Science - Chemistry | 4 | 25.00 | 100% | 100% | 50% |
| Science - Other Science | 4 | 22.50 | 100% | 75% | 50% |
| Science - Physics | 6 | 20.00 | 100% | 67% | 33% |
| Social Science | 6 | 16.67 | 100% | 67% | 0% |